000 01450nam a2200253Ia 4500
999 _c52803
_d52803
001 19833
003 GE_BSU
005 20220624135922.0
008 181216s2017||||ge |||||||||||||| ||eng||
040 _cGE_BSU
041 _aeng
_hgeo
080 _a811.111.1+316.77 T-25
100 _aTavadze, Lali
_97952
245 _aCommunication theory and practice /
_cLali Tavadze ; Editor Tamar Siradze.
264 _aBatumi :
_bShota Rustaveli State University,
_c2017.
300 _a235 p. :
_bill. ;
_c20 cm.
521 _aწიგნში მოცემული მასალა განკუთვნილია ინგლისური ფილოლოგიის სტუდენტებისათვის და ენის შემსწავლელთათვის და მიზნად ისახავს ინგლისურ ენაზე საუბრის უნარის გამომუშავებასა და დახვეწას ზეპირი კომუნიკაციის სხვადასხვა მოდელის სწავლების გათვალისწინებით.
541 _h6gel.84t.
653 _aინგლისური ენა
653 _aკომუნიკაცია
653 _acommunication theory and practice
700 _aSiradze, Tamar
_eრედაქტორი
_97954
942 _cBK
_2udc